Minecraft Quiz for Dummies - Statistics

General Stats
  • This quiz has been taken 3,215 times
  • The average score is 13 of 15
Answer Stats
Hint Answer % Correct
How many sticks does it take to craft a pickaxe? 2
99%
What are the green creatures that explode called? Creepers
96%
What color is redstone? Red
96%
One of the two game modes in Minecraft is Survival. What is the other one? Creative
95%
What mob drops porkchops? Pig
95%
What block are Desert biomes made of? Sand
95%
What mob must one defeat to "beat" the game? {Ender} Dragon
93%
In what year was Minecraft released? 2009
92%
What are Minecraft worlds made of? Blocks
88%
Who created Minecraft? Notch
84%
What is the most common block in Minecraft? Stone
84%
What company owns Minecraft right now? Microsoft
83%
How big is the world of Minecraft? Infinite
66%
What is the most popular multiplayer server for Minecraft (by player count)? Hypixel
59%
What is the 1.16 update for Minecraft called? {Nether} Update
58%
No matching quizzes found
Score Distribution
Percent of People with Each Score
Percentile by Number Answered
Your Score History
You have not taken this quiz